| 000 | 00000nam##2200000za#4500 |
| 001 | 9.643493 |
| 003 | CaOODSP |
| 005 | 20210624224208 |
| 007 | cr ||||||||||| |
| 008 | 150407|2007||||xxc|||||o f|0| 0 fre|d |
| 040 | |aCaOODSP|bfre |
| 043 | |an-cn--- |
| 086 | 1 |aR74-18/2007F-PDF |
| 110 | 1 |aCanada.|bAffaires indiennes et du Nord. |
| 245 | 10|aGestion du trioxyde de diarsenic : |h[ressource électronique]|bProjet d'assainissement de la mine Giant |
| 260 | |aYellowknife - Territoires du Nord-Ouest : |bAffaires indiennes et du Nord |c[Juillet 2007]. |
| 300 | |a2p.|bfigures en couleur, carte en couleur, photographies |
| 590 | |a15-02-Supp|b2015-02-16 |
| 691 | 07|aDécontamination|2gcpds |
| 691 | 07|aIndustrie minière|2gcpds |
| 775 | 08|tArsenic trioxide management : |w(CaOODSP)9.699482 |
| 856 | 40|ahttp://publications.gc.ca|qPDF|s502 Ko|uhttps://publications.gc.ca/collections/collection_2014/aadnc-aandc/R74-18-2007-fra.pdf |
| 986 | |aQS-Y289-001-FF-A1 |